| 000 | 02174nas a2200313 i 4500 | ||
|---|---|---|---|
| 003 | DO-SdUA | ||
| 005 | 20260506143551.0 | ||
| 007 | ta | ||
| 008 | 260506e2016 dr a p|r| ||00 | spa d | ||
| 040 |
_aDO-SdUA _bspa _cDO-SdUA _dDO-SdBNP _erda |
||
| 041 | 0 | _aspa | |
| 110 | 1 |
_aRepública Dominicana. _bMinisterio de Educación. _bInstituto Nacional de Formación y Capacitación del Magisterio. _989480 |
|
| 245 | 1 | 0 |
_aCentro de Documentación Educativa : _bguía de servicios y reglamento / _cMinisterio de Educación, Instituto Nacional de Formación y Capacitación del Magisterio. |
| 264 |
_aSanto Domingo, República Dominicana : _bInstituto Nacional de Formación y Capacitación del Magisterio (INAFOCAM), _c2016. |
||
| 300 |
_avolumen : _bilustraciones ; _c20 x 24 cm. |
||
| 310 | _aAnual. | ||
| 336 |
_atexto _btxt _2rdacontent |
||
| 337 |
_asin mediación _bn _2rdamedia |
||
| 338 |
_avolumen _bnc _2rdacarrier |
||
| 362 | _aAño 2016. | ||
| 500 | _aCatalogación basada en el: Año 2016. | ||
| 520 | _aEl Centro de Documentación Educativa del Instituto Nacional de Formación y Capacitación del Magisterio, es una unidad de información comprometida con el acceso y la difusión de recursos de información actualizada y relevante que sirven de soporte a los programas de formación integral del personal docente de la República Dominicana. Es, además, una instancia innovadora en la oferta de recursos y servicios de información especializados en el área de educación y que contribuye a la concertación de voluntades a favor de la creación de mayores vínculos de cooperación e intercambio interinstitucional. | ||
| 650 | 7 |
_aServicios de información _989481 _vGuías _vPublicaciones periódicas _zRepública Dominicana |
|
| 650 | 7 |
_aServicios de información en educación _vGuías _vPublicaciones periódicas _989482 _zRepública Dominicana |
|
| 650 | 7 |
_aServicios de consulta (Bibliotecas) _vGuías _989483 _zRepública Dominicana |
|
| 650 | 7 |
_aCentros de documentación en educación _xOrganización _zRepública Dominicana _989484 |
|
| 650 | 7 |
_aCentros de documentación en educación _vReglamentos _zRepública Dominicana _989485 |
|
| 942 |
_2ddc _cISSUE |
||
| 999 |
_c60678 _d60678 |
||